000 00829nam a2200301 i 4500
001 000003572
003 DO-SdBNP
005 20260113101015.0
007 ta
008 090710s1974 dr r 000 0 spa d
040 _aDO-SdBNP
_bspa
_cBNPHU
_erda
041 _aspa
082 4 _axxx
_bG887c
_222
100 1 _aGrullón, Ruddy
_eautor
_911028
245 1 0 _aCamino hacia la paz /
_cRuddy Grullón.
250 _aTercera edición
264 _aSanto Domingo :
_bTaller,
_c1974.
300 _a59 páginas ;
_c21 cm.
336 _ardacontent
_btexto
_2txt
337 _ardamedia
_bsin mediación
_2n
338 _ardacarrier
_bvolumen
_2nc
490 1 _aBiblioteca Taller
_v28
500 _aIncluye índice
590 _aInventariado, 2022 / DG
830 0 _aBiblioteca taller
_n28
_911029
910 _aDG
942 _2ddc
_cLBS1
999 _c3396
_d3396